Top 100 Baby Girl Names Of 2015 - Statistics

General Stats
  • This quiz has been taken 544 times
  • The average score is 47 of 100
Answer Stats
Hint Answer % Correct
18 Emma
90%
1 Olivia
89%
4 Emily
87%
11 Ava
82%
61 Eliza
82%
44 Anna
81%
10 Isabella
80%
2 Sophia
80%
55 Elizabeth
79%
84 Sara
77%
21 Hannah
76%
15 Jessica
76%
25 Charlotte
75%
9 Ella
75%
14 Grace
75%
3 Lily
74%
6 Chloe
73%
8 Sophie
73%
5 Amelia
71%
24 Eva
69%
13 Mia
69%
40 Abigail
65%
81 Maria
65%
29 Evelyn
64%
32 Zoe
64%
82 Rose
62%
88 Lauren
61%
70 Madison
61%
78 Amy
60%
27 Lucy
59%
98 Alexa
58%
43 Ellie
58%
54 Bella
54%
7 Isabelle
54%
76 Katie
54%
28 Alice
53%
50 Sarah
52%
35 Ruby
50%
39 Molly
49%
100 Nicole
49%
90 Alexis
48%
30 Daisy
48%
87 Harper
48%
83 Violet
48%
12 Isla
47%
36 Aria
46%
59 Leah
46%
95 Kayla
44%
38 Maya
44%
16 Poppy
44%
68 Eleanor
43%
57 Ivy
43%
97 Faith
41%
41 Holly
41%
53 Jasmine
41%
52 Rosie
41%
22 Scarlett
41%
91 Clara
40%
23 Layla
40%
80 Penelope
40%
48 Erin
39%
64 Lola
39%
74 Willow
39%
65 Amber
38%
17 Evie
38%
62 Georgia
38%
45 Zara
37%
33 Annabelle
36%
20 Freya
35%
66 Mila
35%
42 Sienna
35%
58 Elsie
34%
73 Gabriella
34%
26 Phoebe
34%
89 Gracie
33%
31 Millie
33%
67 Ariana
31%
94 Iris
31%
93 Paige
30%
86 Summer
30%
34 Florence
29%
75 Harriet
28%
56 Maisie
27%
63 Aaliyah
26%
69 Amelie
25%
71 Esme
25%
49 Imogen
25%
79 Lara
24%
37 Matilda
22%
77 Martha
21%
47 Emilia
20%
85 Eloise
19%
96 Orla
18%
99 Skye
16%
46 Thea
16%
92 Robyn
14%
51 Maryam
11%
60 Darcey
10%
72 Meghan
8%
19 Nur
8%
No matching quizzes found
Score Distribution
Percent of People with Each Score
Percentile by Number Answered
Your Score History
You have not taken this quiz